Thomas and Friends - Season 18 Episodes - Statistics

General Stats
  • This quiz has been taken 33 times
  • The average score is 16 of 26
Answer Stats
Episode # Episode Title % Correct
15 Marion and the Dinosaurs
80%
2 Not So Slow Coaches
80%
10 Thomas and the Emergency Cable
80%
9 Thomas the Quarry Engine
80%
4 Disappearing Diesels
60%
7 Duck in the Water
60%
12 Duncan the Humbug
60%
11 Emily Saves the World
60%
3 Flatbeds of Fear
60%
14 Last Train for Christmas
60%
25 Long Lost Friend
60%
16 Marion and the Pipe
60%
22 Millie and the Volcano
60%
17 Missing Gator
60%
23 No Steam Without Coal
60%
1 Old Reliable Edward
60%
20 Samson at Your Service
60%
19 Samson Sent for Scrap
60%
5 Signals Crossed
60%
24 Spencer's VIP
60%
21 The Perfect Gift
60%
18 Timothy and the Rainbow Truck
60%
6 Toad's Adventure
60%
26 Toad's Bright Idea
60%
8 Duck and the Slip Coaches
40%
13 Duncan and the Grumpy Passenger
40%
No matching quizzes found
Score Distribution
Percent of People with Each Score
Percentile by Number Answered
Your Score History
You have not taken this quiz